| 000 | 00660nam a2200217 a 4500 | ||
|---|---|---|---|
| 001 | 45618 | ||
| 003 | BD-RjUL | ||
| 005 | 20211209054038.0 | ||
| 008 | 160727s1937 sz i000 0 eng | ||
| 035 | _a(BD-RjUL)45736 | ||
| 040 |
_aDLC _cDGW _dDGW _dDLC _dBD-RjUL _beng |
||
| 041 | _aeng | ||
| 082 |
_a341.12 _223 _bLEL 1937 |
||
| 110 | 2 |
_aLeague of Nations. _bSecretariat. _bInformation Section. _9139649 |
|
| 245 | 0 | 4 |
_aThe League from year to year (1936) / _cLeague of Nations. |
| 260 |
_aGeneva : _bLeague of Nations, _cc1937 |
||
| 300 |
_a256 p. ; _c22 cm. |
||
| 610 | 2 | 0 |
_aLeague of Nations. _9139650 |
| 700 |
_aLeague of Nations. _9139648 |
||
| 942 |
_2ddc _cBK |
||
| 999 |
_c45618 _d45618 |
||